Statistics for Madeon Charting Songs (Billboard Hot Dance)

Click here to take the quiz!

General Stats

  • This quiz has been taken 10 times
    (7 since last reset)
  • The average score is 10 of 12

Answer Stats

AlbumWeeks OnPeakArtist(s)Song% Correct
Non-Album Single21 Weeks#16Porter Robinson & MadeonShelter
100%
Good Faith10 Weeks#16MadeonAll My Friends
100%
Adventure18 Weeks#25Madeon ft. KyanYou're On
100%
Adventure8 Weeks#29Madeon ft. Passion PitPay No Mind
100%
Good Faith2 Weeks#30MadeonBe Fine
100%
Adventure2 Weeks#35Madeon ft. Mark FosterNonsense
100%
Good Faith2 Weeks#37MadeonDream Dream Dream
100%
Good Faith1 Week#38MadeonMiracle
100%
Adventure (Deluxe Edition)7 Weeks#32MadeonThe City
67%
Good Faith2 Weeks#32MadeonNo Fear No More
67%
Adventure1 Week#42MadeonHome
67%
Adventure (Deluxe Edition)9 Weeks#40MadeonFinale
33%

Score Distribution

Percentile by Number Answered

Percent of People with Each Score

Your Score History

You have not taken this quiz since the last reset